| 000 | 00644cam a2200181 4500 | ||
|---|---|---|---|
| 082 | 0 | 0 |
_a621.384 _bPRU _cL-11, P-97 |
| 100 | 1 |
_aPruslin, Zalman Mendelevich. _941711 |
|
| 245 | 1 | 0 |
_aRadio engineering and electronics _c[by] Z. M. Pruslin [and] M. A. Smirnova. Translated from the Russian by V. A. Povzner. |
| 260 |
_aMoscow, _bMir Publishers, _c1971. |
||
| 300 |
_a464 p. _billus. _c21 cm. |
||
| 500 | _aTranslation of Radiotekhnika i ėlektronika. | ||
| 526 |
_a0 _b0 _c0 _d621_384000000000000_PRU |
||
| 650 | 0 | _aElectronics. | |
| 650 | 0 |
_aMCE _9379 |
|
| 650 | 0 | _aRadio. | |
| 700 | 1 |
_aSmirnova, Margarita Aleksandrovna, _941712 |
|
| 942 |
_2ddc _cBK |
||
| 999 |
_c545758 _d545758 |
||